UBT Library

Mass media in a changing world : (Record no. 1354)

000 -LEADER
fixed length control field 00553nam a22001937a 4500
008 - FIXED-LENGTH DATA ELEMENTS--GENERAL INFORMATION
fixed length control field 151110b xxu||||| |||| 00| 0 eng d
020 ## - INTERNATIONAL STANDARD BOOK NUMBER
International Standard Book Number 0072957115 (softcover : alk. paper)
041 0# - LANGUAGE CODE
Language code of text/sound track or separate title eng
080 ## - UNIVERSAL DECIMAL CLASSIFICATION NUMBER
Universal Decimal Classification number 316.77
100 1# - Rafti
Rafti Rodman, George R.,
245 10 - TITLE STATEMENT
Title Mass media in a changing world :
Statement of responsibility, etc George Rodman.
250 ## -
-- 1st ed.
260 ## -
-- New York :
-- McGraw-Hill,
-- 2006.
300 ## -
-- xxviii, 593 f. :
-- me il.;
-- 28 cm. +
650 #0 -
-- Komunikim
650 #0 -
-- Media
650 #0 -
-- Masiv
942 ## - ADDED ENTRY ELEMENTS (KOHA)
Source of classification or shelving scheme
Item type Books
Holdings
Withdrawn status Lost status Source of classification or shelving scheme Damaged status Not for loan Collection code Permanent location Current location Shelving location Date acquired Total Checkouts Full call number Barcode Date last seen Koha item type
          Koleksioni i përgjithshem UBT - Lipjan UBT - Lipjan Koleksioni i përgjithshem 11/10/2015   316.77 ROD 002-008704 11/10/2015 Books
UBT Library © 2015-2024. All rights reserved University Education for Business and Technology